000 01698nam a2200421Ia 4500
001 232576630
003 OCoLC
005 20171014135031.0
008 080624s1999 nyua j 000 1 spa d
020 _a0439928117
020 _a9780439928113
035 _a(OCoLC)232576630
040 _aIEP
_beng
_cIEP
082 0 4 _a[E]
_222
099 _aSPA JP BRI
100 1 _aBridwell, Norman.
240 1 0 _aClifford's first school day.
_lSpanish
_0http://id.loc.gov/authorities/names/no00048667.
245 1 0 _aClifford va a la escuela /
_cNorman Bridwell ; traducido por Teresa Mlawer.
260 _aNew York :
_bScholastic,
_c2007, c1999.
264 1 _aNew York :
_bScholastic,
_c2007.
264 4 _cc1999.
300 _a32 unnumbered :
_bcolor illustrations ;
_c22 cm.
336 _atext
_btxt
_2rdacontent.
337 _aunmediated
_bn
_2rdamedia.
338 _avolume
_bnc
_2rdacarrier.
385 _nage
_aChildren
_2lcdgt.
490 1 _aClifford el gran perro colorado.
520 _aClifford todav©Ưa es cachorrito cuando va por primera vez a la escuela con Emily Elizabeth.
520 _aAs a small puppy, Clifford the red dog goes to school with Emily Elizabeth and gets into mischievous trouble during the finger painting, cookie baking, and snack time.
650 0 _aClifford (Fictitious character : Bridwell)
_vJuvenile fiction.
650 0 _aDogs
_vJuvenile fiction.
650 0 _aSchools
_vJuvenile fiction.
650 0 _aSpanish language materials
_vJuvenile fiction.
655 7 _aFiction.
_2lcgft
_0http://id.loc.gov/authorities/genreForms/gf2014026339.
700 1 _aMlawer, Teresa.
800 1 _aBridwell, Norman.
_tClifford, the big red dog.
_lSpanish.
942 _cBK
999 _c18924
_d18924